|
|
|
|
| LEADER |
00000nkm a2200000 a 4500 |
| 001 |
vtls011769942 |
| 003 |
SK-MaSNL |
| 005 |
20260512123536.0 |
| 007 |
kp bo |
| 008 |
240131s1959 xo g kuslo |
| 015 |
|
|
|a SNBG1959
|
| 035 |
|
|
|a urn:nbn:sk:snk-km00dnec
|
| 035 |
|
|
|a urn:nbn:sk:snk-km3lzv9
|
| 035 |
|
|
|a EFBE8BBD-59F9-4BBA-9ECB-AD50CB2CF1F8
|
| 040 |
|
|
|a SNK
|b slo
|c SNK
|e AACR2
|
| 041 |
0 |
|
|a slo
|
| 043 |
|
|
|a e-xo---
|
| 044 |
|
|
|a xo
|c SK
|
| 072 |
|
7 |
|a 908(437)
|x Vlastiveda Česka a Slovenska
|2 konspekt
|
| 072 |
|
7 |
|a 551
|x Geológia. Meteorológia. Klimatológia
|2 konspekt
|
| 080 |
|
|
|a 908(437.6)
|2 2011
|
| 080 |
|
|
|a (084.121)
|2 2011
|
| 080 |
|
|
|a 551.24.055
|2 2011
|
| 245 |
0 |
0 |
|a Liptovské hole - pohľad na Chočské pohorie zo Sivého vrchu
|
| 260 |
|
|
|a Martin
|b Osveta, n. p.
|a Bratislava
|b PŠK
|c 1959
|
| 300 |
|
|
|a 1 pohľadnica
|b čiernobiela
|c 11 x 15 cm
|
| 520 |
8 |
|
|a Zobrazenie: Pohľad na zasnežené Chočské pohorie zo Sivého vrchu
|
| 650 |
0 |
7 |
|a vrchy a štíty
|2 SNKPH
|9 165131
|
| 651 |
|
7 |
|a Roháče (Západné Tatry, Slovensko : pohorie)
|2 SNKPHgeo
|9 74675
|
| 651 |
|
7 |
|a Chočské vrchy (Slovensko : pohorie)
|2 SNKPHgeo
|9 160649
|
| 655 |
|
7 |
|a geografické pohľadnice
|2 SNKPH
|9 70522
|
| 852 |
|
|
|a Slovenská národná knižnica
|
| 958 |
|
|
|a GBN
|
| 958 |
|
|
|a TL
|
| 958 |
|
|
|a GC
|
| 958 |
|
|
|a OND
|
| 958 |
|
|
|a EUIPO
|
| 999 |
|
|
|c 770705
|d 772635
|
| 952 |
|
|
|a SNK
|b SNK
|y PREZ
|7 0
|p 17A1243220
|o snkSP 105077
|0 0
|1 0
|4 0
|d 2018-08-01
|f 1
|l 0
|r 2026-02-24 00:33:44
|w 2026-02-24
|